000 00524nam a2200169 4500
001 126640
003 ES-MaACL
005 20230906192843.0
007 t|
008 070214s1968 sp r ||||1| spa d
100 1 _aResa Ortego, José María.
_996313
245 1 0 _aMemorias de un requeté /
_cde José Mª Resa ; prólogo, Tomás García Rebull.
260 _aBarcelona :
_bBayer Hnos.,
_c1968.
300 _a159 p., 18 h. ;
_c21 cm.
700 1 _aGarcía Rebull, Tomás.
_955162
852 _aES-MaACL
_jC-48349
_bR.66893
999 _c126640
_d126640